| 000 | 01004nam a2200217 i 4500 | ||
|---|---|---|---|
| 001 | 181213 | ||
| 003 | ES-MaACL | ||
| 005 | 20250903013225.0 | ||
| 008 | 121102s1924 sp |||| | spa d | ||
| 100 | 1 |
_aEyaralar, José María. _9151783 |
|
| 245 | 1 | 3 |
_aLa enseñanza de las matemáticas en las escuelas francesas / _cpor José María de Eyaralar. |
| 260 |
_a[Madrid : _bJunta para Ampliación de Estudios e Investigaciones Científicas, _c1924] |
||
| 300 |
_a89 p. : _bil. ; _c24 cm. |
||
| 490 | 1 |
_aAnales de la Junta para Ampliación de Estudios e Investigaciones Científicas ; _vt. 19, memoria 1 |
|
| 504 | _aBibliografía. | ||
| 650 | 7 |
_aMatemáticas- _xEstudio y enseñanza- _zFrancia _2 _9151784 |
|
| 710 | 2 |
_aJunta para la Ampliación de Estudios e Investigaciones Científicas. _95413 |
|
| 830 | 0 |
_aAnales de la Junta para Ampliación de Estudios e Investigaciones Científicas ; _vt. 19, memoria 1 _9186710 |
|
| 852 |
_aES-MaACL _jB-13175(1) _q.- Ej. sin portada |
||
| 999 |
_c181213 _d181213 |
||